000 nam a22 7a 4500
999 _c2204
_d2204
005 20170515154013.0
008 170515b1982 enk||||| |||| 00| 0 eng d
020 _a0803917821 (hardcover)
_a080391783X (softcover)
040 _aAKMAL
082 _a384.55564 BRE
090 _a384.55564
_bBRE
100 1 _aWilliams, Frederick,
_d1933-
_9699
245 1 4 _aThe communications revolution /
_cFrederick Williams
260 _aBeverly Hills ;
_aLondon :
_bSage,
_cc1982
300 _a 291p. :
_bill. ;
_c23cm
500 _aBibliography: p281-285. _ Includes index.
650 0 _a Telecommunication.
_94638
942 _2ddc
_cBOOK